Military Engineer services handbook. Volume 1. Buildings and general Part 1. specifications and structural design (Record no. 86137)

MARC details
000 -LEADER
fixed length control field 00615cam a2200205 4500
001 - CONTROL NUMBER
control field D7105
008 - FIXED-LENGTH DATA ELEMENTS--GENERAL INFORMATION
fixed length control field 090401t1926 xxu||||| |||| 00| 0 eng d
035 ## - SYSTEM CONTROL NUMBER
System control number (Sirsi) u5191
041 ## - LANGUAGE CODE
Language code of text/sound track or separate title eng
050 ## - LIBRARY OF CONGRESS CALL NUMBER
Classification number 692.3
110 ## - MAIN ENTRY--CORPORATE NAME
Corporate name or jurisdiction name as entry element India. Engineer-in-Chief
9 (RLIN) 1058
245 ## - TITLE STATEMENT
Title Military Engineer services handbook. Volume 1. Buildings and general Part 1. specifications and structural design
260 ## - PUBLICATION, DISTRIBUTION, ETC.
Place of publication, distribution, etc. Calcutta
Name of publisher, distributor, etc. Government of India Central Publication
Date of publication, distribution, etc. 1926
300 ## - PHYSICAL DESCRIPTION
Extent ix. 426p. 24cm
350 ## - PRICE (NR) (BK AM CF MU VM SE) [OBSOLETE]
Price 0
650 ## - SUBJECT ADDED ENTRY--TOPICAL TERM
Topical term or geographic name entry element INDIA
650 ## - SUBJECT ADDED ENTRY--TOPICAL TERM
Topical term or geographic name entry element MILITARY ENGINEER SERVICES HANDBOOK
942 ## - ADDED ENTRY ELEMENTS (KOHA)
Suppress in OPAC 0
948 ## - LOCAL PROCESSING INFORMATION (OCLC); SERIES PART DESIGNATOR (RLIN)
c (OCLC) 04/03/1997
Holdings
Withdrawn status Lost status Source of classification or shelving scheme Damaged status Not for loan Home library Current library Shelving location Date acquired Total Checkouts Full call number Barcode Date last seen Copy number Price effective from Koha item type
    Dewey Decimal Classification     London London Basement 20/08/1993   SHELF 305 30008900 06/08/2019 1 06/08/2019 Book